Islam aur daur haazir : jadeed zehnon mein peda honay walay sawalaat ke jawabaat (Record no. 329340)

000 -LEADER
fixed length control field 01677cam a22003734a 4500
001 - CONTROL NUMBER
control field 14060743
003 - CONTROL NUMBER IDENTIFIER
control field Nust
005 - DATE AND TIME OF LATEST TRANSACTION
control field 20221026141729.0
008 - FIXED-LENGTH DATA ELEMENTS--GENERAL INFORMATION
fixed length control field 050802m20059999nju b 001 0 eng
010 ## - LIBRARY OF CONGRESS CONTROL NUMBER
LC control number 2005022436
Canceled/invalid LC control number 2006026406
020 ## - INTERNATIONAL STANDARD BOOK NUMBER
International Standard Book Number 9789699110245
040 ## - CATALOGING SOURCE
Original cataloging agency DLC
Transcribing agency DLC
Modifying agency DLC
041 1# - LANGUAGE CODE
Language code of original urdu
042 ## - AUTHENTICATION CODE
Authentication code pcc
050 00 - LIBRARY OF CONGRESS CALL NUMBER
Classification number BP166
Item number .G8513 2005
051 ## - LIBRARY OF CONGRESS COPY, ISSUE, OFFPRINT STATEMENT
Classification number BP166
Item number .G8513 2005 Copy 2
Copy information v. 2, 2nd printing, published by Tughra Books, formerly The Light Publishing
082 00 - DEWEY DECIMAL CLASSIFICATION NUMBER
Classification number 297.2
Author Mark GUL
100 1# - MAIN ENTRY--PERSONAL NAME
Personal name Gülen, Fethullah.
9 (RLIN) 6529
245 10 - TITLE STATEMENT
Title Islam aur daur haazir : jadeed zehnon mein peda honay walay sawalaat ke jawabaat
Statement of responsibility, etc. by Muhammad Fateh Ullah Gulen
246 30 - VARYING FORM OF TITLE
Title proper/short title Questions and answers about Islam
260 ## - PUBLICATION, DISTRIBUTION, ETC.
Place of publication, distribution, etc. New Jersey :
Name of publisher, distributor, etc. Light, Inc.,
Date of publication, distribution, etc. 2005
300 ## - PHYSICAL DESCRIPTION
Extent 428 p.
Dimensions 23 cm.
504 ## - BIBLIOGRAPHY, ETC. NOTE
Bibliography, etc. note Includes bibliographical references (p. [169]-171) and index.
650 #0 - SUBJECT ADDED ENTRY--TOPICAL TERM
Topical term or geographic name entry element Islam
General subdivision Theology
Form subdivision Miscellanea.
9 (RLIN) 10221
650 #0 - SUBJECT ADDED ENTRY--TOPICAL TERM
Topical term or geographic name entry element Islam
General subdivision Doctrines
Form subdivision Miscellanea.
9 (RLIN) 10222
856 41 - ELECTRONIC LOCATION AND ACCESS
Materials specified Table of contents
Uniform Resource Identifier <a href="http://www.loc.gov/catdir/toc/ecip0517/2005022436.html">http://www.loc.gov/catdir/toc/ecip0517/2005022436.html</a>
856 42 - ELECTRONIC LOCATION AND ACCESS
Materials specified Publisher description
Uniform Resource Identifier <a href="http://www.loc.gov/catdir/enhancements/fy0803/2005022436-d.html">http://www.loc.gov/catdir/enhancements/fy0803/2005022436-d.html</a>
880 ## - ALTERNATE GRAPHIC REPRESENTATION
Linkage 100-01\r
Title محمد فتح اللہ گولن
880 ## - ALTERNATE GRAPHIC REPRESENTATION
Linkage 245-02\r
Title اسلام اور دور حا ضر: جدید ذہنوں میں پیدا ہونے والے سوالات کے جوابات
c محمد فتح اللہ گولن
880 ## - ALTERNATE GRAPHIC REPRESENTATION
Linkage 260-03\r
Title نیو جرسی:
b لائٹ انک،
c 2005
906 ## - LOCAL DATA ELEMENT F, LDF (RLIN)
a 7
b cbc
c orignew
d 1
e ecip
f 20
g y-gencatlg
942 ## - ADDED ENTRY ELEMENTS (KOHA)
Source of classification or shelving scheme
Koha item type Book
Holdings
Withdrawn status Lost status Source of classification or shelving scheme Damaged status Not for loan Collection code Permanent Location Current Location Shelving location Date acquired Total Checkouts Total Renewals Full call number Barcode Date last seen Date last checked out Copy number Price effective from Koha item type
            Central Library (CL) Central Library (CL) First Floor - Islam 05/03/2017 3 8 297.2 GUL CL2443 07/17/2025 11/30/2021 1 05/03/2017 Book
© 2023 Central Library, National University of Sciences and Technology. All Rights Reserved.